000 00888nam a2200289 a 4500
001
003 OSt
005 20220822130442.0
008 091204s2009 dr a 000 0 spa d
020 _a9789945406948
040 _aDO-SdBNP
_bspa
_cBPMSU
082 _a320.97293
_bJ61c, 2009
_222
100 1 _aJiménez, Felucho
245 1 0 _a¿Cómo fue el gobierno de Juan Bosch? /
_cFelucho Jiménez.
250 _a4a ed.
260 _aSanto Domingo :
_bAlfa y Omega,
_c2009.
300 _a445 p. ;
_c23 cm.
_b
500 _aIncluye datos biográficos del autor en la contracubierta
500 _aEdición resumida
590 _aInventariado, 2021/VM
600 1 0 _a Bosch, Juan,
_d1909-2001
_91
650 4 _aPromulgación de leyes
651 4 _aRepública Dominicana
_xPolítica y gobierno
651 4 _aRepública Dominicana
_xHistoria
910 _aVMateo V.
942 _2ddc
_cMP
999 _c13812
_d13812